Introduction à la démographie (notice n° 1925200)

détails MARC
000 -LEADER
fixed length control field 00792cam a2200133 4500500
005 - DATE AND TIME OF LATEST TRANSACTION
control field 20260329023152.0
041 ## - LANGUAGE CODE
Language code of text/sound track or separate title fre
042 ## - AUTHENTICATION CODE
Authentication code dc
100 10 - MAIN ENTRY--PERSONAL NAME
Personal name Rollet, Catherine
Relator term author
245 00 - TITLE STATEMENT
Title Introduction à la démographie
260 ## - PUBLICATION, DISTRIBUTION, ETC.
Name of publisher, distributor, etc. Armand Colin,<br/>
Date of publication, distribution, etc. 2011.<br/>
520 ## - SUMMARY, ETC.
Summary, etc. Présentation des principales sources de la démographie, à travers les indicateurs de base et les modes de représentation les plus courants appliqués aux phénomènes démographiques. A jour des nouvelles interrogations portant sur les relations entre les populations et leur environnement, l’eau, la qualité de l’air, ou l’influence des hommes sur les variations climatiques.
856 41 - ELECTRONIC LOCATION AND ACCESS
Uniform Resource Identifier <a href="https://shs.cairn.info/introduction-a-la-demographie--9782200259914?lang=fr&redirect-ssocas=7080">https://shs.cairn.info/introduction-a-la-demographie--9782200259914?lang=fr&redirect-ssocas=7080</a>

Pas d'exemplaire disponible.

PLUDOC

PLUDOC est la plateforme unique et centralisée de gestion des bibliothèques physiques et numériques de Guinée administré par le CEDUST. Elle est la plus grande base de données de ressources documentaires pour les Étudiants, Enseignants chercheurs et Chercheurs de Guinée.

Adresse

627 919 101/664 919 101

25 boulevard du commerce
Kaloum, Conakry, Guinée

Réseaux sociaux

Powered by Netsen Group @ 2025